LEADER 01497nam a2200349 a 4500 001 000000133163 003 CaOOAMICUS 005 20130313152514.0 008 130313s1999 it u000 u ita r 020 $a88-307-0843-7 040 $aPUL$bita 041 1 $aita$hger 082 04$a297 100 1 $aKhoury, Adel Théodore.$0(OLS)http://pul/name/37571 240 10$aEinführung in die Grundlagen des Islams.$lItaliano.$0(OLS)http://pul/title/168262 245 12$aI fondamenti dell'Islam :$bun'introduzione a partire dalla fonte: il Corano /$cAdel Theodor Khoury. 260 $aBologna :$bEditrice missionaria italiana,$c©1999. 300 $a256 p. ;$c23 cm 490 1 $aReligioni in dialogo 500 $aInclude indice. 504 $aBibliografia in nota. 630 04$aCorano$xIntroduzioni.$0(OLS)http://pul/subject/35978 700 1 $aStefani, Piero,$d1949-$0(OLS)http://pul/name/25195 830 0$aReligioni in dialogo.$0(OLS)http://pul/title/91808 850 $aPUL 852 $aPUL$W1$xSL Religione 3$y85$m297 KHOAD 1$j153101$qDDC 21$B152597$CPULBib$Z2$F152597 $H121879 $82 941 1 $a9 996 $6020$a88-307-0843-7$9(OLS)http://pul/number/152136 996 $6082$a297$9(OLS)http://pul/classification/742 996 $6245$aI fondamenti dell'Islam :$bun'introduzione a partire dalla fonte: il Corano$9(OLS)http://pul/title/168263 996 $6260$aBologna :$bEditrice missionaria italiana$9(OLS)http://pul/publisher/58567 LEADER 01456nam a2200301 a 4500 001 000000172962 003 CaOOAMICUS 005 20200109122310.0 008 200109s2013 it fr l000 0 ita d 020 $a978-88-308-1312-0* 032 $aLibriCat 040 $aANT$bita$dao$dPUL$dLDA 082 00$a230 100 1 $aMorocutti, Paolo,$d1975-$0(OLS)http://pul/name/73833 245 14$aUna Donna chiamata a parlare" : $bil ruolo della comunicazione nella missione di Santa Caterina da Siena /$cPaolo Morocutti ; prefazione di S.E.R. Mons. Giovanni D'Ercole. 260 $aAssisi :$bCittadella,$c2013. 300 $a291 p. ;$c21 cm 490 1 $aStudi e ricerche. Sezione teologica. 504 $aBibliografia: p. [285]-287. 600 04$aCatharina Senensis,$cs.,$d1347-1380$xTeologia.$0(OLS)http://pul/subject/46193 830 0$aStudi e ricerche (Cittadella).$pSezione teologica.$0(OLS)http://pul/title/143126 850 $aPUL 852 $aPUL$W1$xSL Religione 3$y85$m230 COLL 11.1.35$j196950$qDDC 21$B201710$CPULBib$Z2$F201710 $H133829 $81 996 $6020$a978-88-308-1312-0*$9(OLS)http://pul/number/166974 996 $6082$a230$9(OLS)http://pul/classification/368 996 $6245$aUna Donna chiamata a parlare" : $bil ruolo della comunicazione nella missione di Santa Caterina da Siena$9(OLS)http://pul/title/214001 996 $6260$aAssisi :$bCittadella$9(OLS)http://pul/publisher/49668